Malāḥim wa-asāṭīr min Ūghārīt (Raʼs al-Shamrā) (Record no. 50708)

MARC details
000 -LEADER
fixed length control field 00868cam a22002531 4500
001 - CONTROL NUMBER
control field ne 68003181
003 - CONTROL NUMBER IDENTIFIER
control field DLC
005 - DATE AND TIME OF LATEST TRANSACTION
control field 20260227111846.0
008 - FIXED-LENGTH DATA ELEMENTS--GENERAL INFORMATION
fixed length control field 790913s1966 le ah 000 0 ara
010 ## - LIBRARY OF CONGRESS CONTROL NUMBER
LC control number ne 68003181
035 ## - SYSTEM CONTROL NUMBER
System control number (OCoLC)5370092
040 ## - CATALOGING SOURCE
Original cataloging agency DLC
Transcribing agency MiU
Modifying agency DLC
042 ## - AUTHENTICATION CODE
Authentication code premarc
050 00 - LIBRARY OF CONGRESS CALL NUMBER
Classification number PJ4150.Z73
Item number F8
100 1# - MAIN ENTRY--PERSONAL NAME
Personal name Furayḥah, Anīs, 1903-
Relator term comp.
245 10 - TITLE STATEMENT
Title Malāḥim wa-asāṭīr min Ūghārīt (Raʼs al-Shamrā)
Statement of responsibility, etc. taʼlīf Anīs Furayḥah.
260 ## - PUBLICATION, DISTRIBUTION, ETC.
Place of publication, distribution, etc. Bayrūt,
Name of publisher, distributor, etc. al-Jāmiʻah al-Amīrkīyah fī Bayrūt,
Date of publication, distribution, etc. 1966.
300 ## - PHYSICAL DESCRIPTION
Extent 687 p.
Other physical details illus., facsim.
Dimensions 25 cm.
490 0# - SERIES STATEMENT
Series statement al-Jāmiʻah al-Amīrkīyah fī Bayrūt. Manshūrāt al-ʻĪd al-Miʼawī
500 ## - GENERAL NOTE
General note Includes texts transcribed in Arabic, and translations.
504 ## - BIBLIOGRAPHY, ETC. NOTE
Bibliography, etc. note Includes bibliographies.
650 #0 - SUBJECT ADDED ENTRY--TOPICAL TERM
Topical term or geographic name entry element Ugaritic language
General subdivision Texts.
740 0# - ADDED ENTRY--UNCONTROLLED RELATED/ANALYTICAL TITLE
Uncontrolled related/analytical title Ūghārīt

No items available.

Powered by Koha